000 00329nam a22001457a 4500
003 SGT
020 _a9788177588262
082 _a005.73,AHO
100 _aAHO,ALFRED V.
245 _aDATA STRUCTURES AND ALGORITHMS
260 _aNEW DELHI
_bPEARSON
_c2006
300 _a433
650 _aCOMPUTER SCIENCE
942 _2ddc
_cBK
_08
999 _c21149
_d21149